000 00625nam a22001937a 4500
999 _c13247
_d13247
003 AR-CdUCM
008 190411b ||||| |||| 00| 0 spa d
040 _aMUNICIPALIDAD PROVINCIAL DEL CUSCO
_cBIBLIOTECA MUNICIPAL DEL CUSCO
082 _aC / 591.6 /
_bC37 / 1970
100 _aCeballos. B.
_931548
245 _aPublicaciones del departamento académico de zoología y entomología /
260 _aCusco :
_bEdit. Los Andes,
_c1970.
300 _a31 paginas ;
_c23 cm.
650 _aZoología
_918986
650 _aEstomalogia
_931549
700 _aFlorez B.
_931550
942 _2ddc
_cLIBROS
945 _arjall
_d2019-04-11